[Event "CZE-chT 0405"]
[Site "Czech Republic"]
[Date "2005.03.19"]
[Round "8.4"]
[White "Szilow, S."]
[Black "Gross, David"]
[Result "1-0"]
[WhiteElo "2412"]
[BlackElo "2400"]
[PlyCount "67"]
[EventDate "2004.11.??"]
[EventType "team"]
[EventRounds "11"]
[EventCountry "CZE"]
[SourceTitle "EXT 2006"]
[Source "ChessBase"]
[SourceDate "2005.11.24"]
[SourceVersion "1"]
[SourceVersionDate "2005.11.24"]
[SourceQuality "1"]
[WhiteTeam "Ostrava Color"]
[BlackTeam "Plzen"]
[WhiteTeamCountry "CZE"]
[BlackTeamCountry "CZE"]

1. d4 c5 2. d5 g6 3. c4 Bg7 4. Nf3 Nf6 5. Nc3 0-0 6. e4 d6 7. Be2 e6 8. 0-0 exd5 9. cxd5 a6 10. a4 b6 11. Bf4 Ng4 12. h3 Ne5 13. Nxe5 dxe5 14. Be3 Qd6 15. Nb1 Bb7 16. Na3 Nd7 17. Qd2 f5 18. f3 Rac8 19. b4 fxe4 20. fxe4 cxb4 21. Nc4 Qe7 22. d6 Qe6 23. Nxb6 Nxb6 24. Bg4 Qc4 25. Bxc8 Bxc8 26. Bxb6 Bd7 27. Rxf8+ Bxf8 28. Rc1 Qxe4 29. Qa2+ Kh8 30. Qf7 Qf4 31. Rf1 Qxf7 32. Rxf7 Bh6 33. Rxd7 b3 34. Rb7 1-0

[Event "Oberliga Bayern 0405"]
[Site "Bayern"]
[Date "2005.01.16"]
[Round "5.1"]
[White "Niedermaier, Hans"]
[Black "Gross, David"]
[Result "1/2-1/2"]
[WhiteElo "2223"]
[BlackElo "2430"]
[PlyCount "89"]
[EventDate "2004.10.24"]
[EventType "team-tourn"]
[EventRounds "9"]
[EventCountry "GER"]
[SourceTitle "EXT 2020"]
[Source "ChessBase"]
[SourceDate "2019.10.17"]
[SourceVersion "1"]
[SourceVersionDate "2019.10.17"]
[SourceQuality "1"]
[WhiteTeam "Forchheim SC II"]
[BlackTeam "Koetzting"]
[WhiteTeamCountry "GER"]
[BlackTeamCountry "GER"]

1. e4 e5 2. f4 exf4 3. Bc4 d6 4. d4 Qh4+ 5. Kf1 Nc6 6. Nf3 Qh5 7. Bxf4 Bg4 8. c3 Nf6 9. Nbd2 0-0-0 10. Bd3 d5 11. e5 Nd7 12. Kf2 f6 13. h3 Be6 14. exf6 gxf6 15. Qc2 Nde5 16. dxe5 fxe5 17. Rae1 Bc5+ 18. Be3 d4 19. cxd4 Nb4 20. Qc3 exd4 21. Nxd4 Qh4+ 22. Ke2 Nxd3 23. Nxe6 Qg3 24. Nxc5 Rhe8 25. Kd1 Rxe3 26. Rxe3 Qxe3 27. Nxd3 Rxd3 28. Qc2 Rd8 29. Re1 Qf2 30. Qc3 Qxg2 31. Kc1 h5 32. b3 Rd6 33. Qh8+ Rd8 34. Qc3 Rd6 35. Qe3 b6 36. Qe8+ Kb7 37. Qe4+ Rc6+ 38. Nc4 Qxe4 39. Rxe4 b5 40. Kb2 bxc4 41. bxc4 Rg6 42. Re5 Rg2+ 43. Kb1 Rg1+ 44. Kb2 Rg2+ 45. Kc1 1/2-1/2

[Event "CZE-chT 0405"]
[Site "Czech Republic"]
[Date "2005.01.15"]
[Round "5.5"]
[White "Bernasek, Jan"]
[Black "Gross, David"]
[Result "1-0"]
[WhiteElo "2395"]
[BlackElo "2400"]
[PlyCount "59"]
[EventDate "2004.11.??"]
[EventType "team"]
[EventRounds "11"]
[EventCountry "CZE"]
[SourceTitle "EXT 2006"]
[Source "ChessBase"]
[SourceDate "2005.11.24"]
[SourceVersion "1"]
[SourceVersionDate "2005.11.24"]
[SourceQuality "1"]
[WhiteTeam "Pardubice"]
[BlackTeam "Plzen"]
[WhiteTeamCountry "CZE"]
[BlackTeamCountry "CZE"]

1. d4 Nf6 2. c4 g6 3. Nf3 Bg7 4. g3 0-0 5. Bg2 d6 6. 0-0 c6 7. Nc3 Qa5 8. e4 Bg4 9. h3 Bxf3 10. Bxf3 Nfd7 11. Rb1 c5 12. d5 Bxc3 13. bxc3 Qxc3 14. Be2 Nb6 15. Bb2 Qa5 16. Qc2 N8d7 17. f4 a6 18. Bc3 Qa4 19. Qd3 Rab8 20. Rfc1 Rfe8 21. Bd2 Qxa2 22. Ra1 Qb2 23. Bc3 Qb3 24. Rcb1 Qxc4 25. Qc2 e6 26. Bxc4 Nxc4 27. dxe6 Rxe6 28. Qd3 b5 29. Rxa6 Rbe8 30. Rxb5 1-0

[Event "CZE-chT 0405"]
[Site "Czech Republic"]
[Date "2004.12.05"]
[Round "4.5"]
[White "Kulhanek, Tomas"]
[Black "Gross, David"]
[Result "1-0"]
[WhiteElo "2376"]
[BlackElo "2400"]
[PlyCount "75"]
[EventDate "2004.11.??"]
[EventType "team"]
[EventRounds "11"]
[EventCountry "CZE"]
[SourceTitle "EXT 2006"]
[Source "ChessBase"]
[SourceDate "2005.11.24"]
[SourceVersion "1"]
[SourceVersionDate "2005.11.24"]
[SourceQuality "1"]
[WhiteTeam "Turnov Zikuda"]
[BlackTeam "Plzen"]
[WhiteTeamCountry "CZE"]
[BlackTeamCountry "CZE"]

1. e4 e5 2. Nf3 Nc6 3. Bc4 Bc5 4. Nc3 Nf6 5. d3 d6 6. Bg5 h6 7. Bxf6 Qxf6 8. Nd5 Qd8 9. c3 a6 10. d4 Ba7 11. dxe5 dxe5 12. Qe2 Be6 13. 0-0-0 Qb8 14. Nh4 Nd8 15. Nf5 Bxf5 16. exf5 c6 17. Nf4 b5 18. Bb3 Kf8 19. Rd7 Bc5 20. Bxf7 Nxf7 21. Ne6+ Kg8 22. Nxc5 Ra7 23. Rhd1 Rxd7 24. Nxd7 Qd8 25. f6 Kh7 26. Qe4+ g6 27. Qxc6 Qc8 28. Qe6 Qe8 29. Qxa6 b4 30. cxb4 e4 31. Kb1 e3 32. fxe3 Qxe3 33. Qc4 Qe8 34. a3 h5 35. h4 Kh6 36. b5 g5 37. b6 Ne5 38. hxg5+ 1-0

[Event "CZE-chT 0405"]
[Site "Czech Republic"]
[Date "2004.12.04"]
[Round "3.4"]
[White "Gross, David"]
[Black "Suran, Jan"]
[Result "1/2-1/2"]
[WhiteElo "2400"]
[BlackElo "2401"]
[PlyCount "81"]
[EventDate "2004.11.??"]
[EventType "team"]
[EventRounds "11"]
[EventCountry "CZE"]
[SourceTitle "EXT 2006"]
[Source "ChessBase"]
[SourceDate "2005.11.24"]
[SourceVersion "1"]
[SourceVersionDate "2005.11.24"]
[SourceQuality "1"]
[WhiteTeam "Plzen"]
[BlackTeam "Kolin"]
[WhiteTeamCountry "CZE"]
[BlackTeamCountry "CZE"]

1. e4 c5 2. Nf3 Nc6 3. d4 cxd4 4. Nxd4 e6 5. Nc3 Qc7 6. f4 a6 7. Nxc6 Qxc6 8. Bd3 b5 9. Qe2 Bb7 10. Bd2 Rc8 11. 0-0 Be7 12. Rae1 b4 13. Nd1 Nf6 14. Nf2 0-0 15. Qf3 g6 16. Qh3 Nh5 17. Ng4 Bc5+ 18. Kh1 f5 19. Ne5 Qc7 20. exf5 exf5 21. c3 d6 22. cxb4 dxe5 23. bxc5 exf4 24. Bc4+ Kg7 25. Bc3+ Kh6 26. Be5 Qxc5 27. Bxf4+ Kg7 28. Be5+ Nf6 29. b3 Bd5 30. Bxf6+ Rxf6 31. Bxd5 Qxd5 32. Re7+ Rf7 33. Rxf7+ Qxf7 34. Qd3 Rc6 35. h3 h5 36. Rd1 Re6 37. Qd8 Qe8 38. Rd7+ Kh6 39. Qxe8 Rxe8 40. Rd6 Ra8 41. Kg1 1/2-1/2